History Quiz

Random History or Clickable Quiz

ROMAN REVIEW Quiz Stats

 Plays Quiz not verified by Sporcle

Challenge
Share
Tweet
Embed
Score 0/20 Timer 06:00
0 Plays Today
% Correct
Mediterranean Sea
60.3%
Jesus of Nazareth
58.3%
Europe
56.9%
Coliseum
56.9%
Pax Romana
54.1%
Italy
53.1%
Coliseum
53.1%
Constantinople
52.4%
Republic
52.1%
Arch
51.7%
% Correct
Aqueducts
51.7%
Augustus Caesar
51.4%
Roads
51.4%
Julius Caesar
49.7%
Plebeians
49.7%
Constantine
48.3%
Constantine
47.9%
Pilum
47.6%
Patricians
47.6%
Gladius
44.1%

You're not logged in!

Compare scores with friends on all Sporcle quizzes.
OR
Log In

You Might Also Like...

Show Comments

Extras

Created Feb 25, 2013ReportNominate
Tags:Clickable Quiz, review, roman

Top Quizzes Today


Score Distribution

Your Account Isn't Verified!

In order to create a playlist on Sporcle, you need to verify the email address you used during registration. Go to your Sporcle Settings to finish the process.

Report this User

Report this user for behavior that violates our Community Guidelines.

Details: